LEADER 01605nam a2200289 i 4500 001 000000147292 003 CaOOAMICUS 005 20170907000000.0 008 170907s2016 it u000 u ita u 013 $a124366 020 $a978-88-498-4748-2 040 $aSeMil$bita 100 1 $aConvegno in occasione delle celebrazioni del 4. Cantenario della morte di San Camillo (1614-2014) .$0(OLS)http://semarc/name/93520 245 10$aSan Camillo de Lellis e i suoi amici :$bordini religiosi e arte tra Rinascimento e Barocco /$cConvegno in occasione delle celebrazioni del 4. Cantenario della morte di San Camillo (1614-2014), Roma, 22-23 ottobre 2013 ; a cura di Lydia Salviucci Insolera, Eugenio Sapori. 260 $aSoveria Mannelli :$bRubbettino,$ccopyr. 2016. 300 $a301 p. :$bill. ;$c24 cm. 490 0 $aStoria dell'Ordine di San Camillo ;$v8 500 $aContiene : Bibliografia generale. 700 1 $aSapori, Eugenio.$0(OLS)http://semarc/name/46314 700 1 $aSalviucci Insolera, Lydia.$0(OLS)http://semarc/name/48018 830 0$aStoria dell'Ordine di San Camillo ;$v8.$0(OLS)http://semarc/title/407069 850 $aSeMil 852 $aSeMil$W1$xVenegono$y1$m3G VI 167$j99864$B99864$CSeMilBibl$Z2$F108438 $81 961 $aOmaggio: Delpini mons. Mario 996 $6020$a978-88-498-4748-2$9(OLS)http://semarc/number/274083 996 $6245$aSan Camillo de Lellis e i suoi amici :$bordini religiosi e arte tra Rinascimento e Barocco$9(OLS)http://semarc/title/408688 996 $6260$aSoveria Mannelli :$bRubbettino$9(OLS)http://semarc/publisher/32145 LEADER 01011nam a2200265 4500 001 000000338564 003 CaOOAMICUS 005 20200708161941.0 008 191217e2019 it a 000 u ita r 040 $aSeMil$bita 245 03$aLe Cappelle del Sacro Monte. 264 1$aVarese :$b[s.n.],$cstampa 2019$e(Intaegra) 300 $a107 p. :$bill. ;$c21 cm 490 1 $aQuaderni del Sacro Monte di Varese 541 1 $aFondo mons. Mario Delpini 650 4$aVarese - Sacro Monte - Cappelle.$0(OLS)http://semarc/subject/30369 830 2$aI quaderni del Sacro Monte di Varese.$0(OLS)http://semarc/title/427396 850 $aSeMil 852 $aSeMil$W1$xVenegono$y1$m5K I 19$j219771$B231031$CSeMilBibl$Z2$F231031 $81 856 42$awww.sacromontedivarese.it 941 1 $a7 961 $aOmaggio: Perego don Stefano 996 $6245$aLe Cappelle del Sacro Monte$9(OLS)http://semarc/title/427394 996 $6264$aVarese :$b[s.n.]$9(OLS)http://semarc/publisher/30914